Agricultural standards : The shape of the global food and fiber system
محفوظ في:
| التنسيق: | كتاب |
|---|---|
| اللغة: | Undetermined |
| منشور في: |
Dordrecht, The Netherlands
Springer
2006
|
| الموضوعات: | |
| الوسوم: |
إضافة وسم
لا توجد وسوم, كن أول من يضع وسما على هذه التسجيلة!
|
| Thư viện lưu trữ: | Trung tâm Học liệu Trường Đại học Cần Thơ |
|---|
| LEADER | 00628nam a2200205Ia 4500 | ||
|---|---|---|---|
| 001 | CTU_123620 | ||
| 008 | 210402s9999 xx 000 0 und d | ||
| 020 | |c 2200000 | ||
| 082 | |a 363.8 | ||
| 082 | |b A278 | ||
| 245 | 0 | |a Agricultural standards : | |
| 245 | 4 | |b The shape of the global food and fiber system | |
| 245 | 0 | |c Edited by Jim Bingen, Lawrence Busch | |
| 260 | |a Dordrecht, The Netherlands | ||
| 260 | |b Springer | ||
| 260 | |c 2006 | ||
| 650 | |a Farm management,Agriculture,Food supply | ||
| 650 | |x Standards,Standards,Government policy | ||
| 904 | |i Minh | ||
| 980 | |a Trung tâm Học liệu Trường Đại học Cần Thơ | ||